| 000 | 01910cam a22002174a 4500 | ||
|---|---|---|---|
| 005 | 20250605164112.0 | ||
| 008 | 250528s ||||||||||||||||||||||||d | ||
| 035 | _a17949 | ||
| 020 | _a60149639 | ||
| 040 |
_aGR-AtMCL _bgre _dGR-AtMCL _eAACR2 |
||
| 245 | 1 | _aThe Mind of the Organization / Revised Edition | |
| 260 |
_bHarper & Row Publishers, _c1982 |
||
| 300 | _a150 | ||
| 505 | 0 | _aPreface, Introduction: A View from Japan, The Increasing Importance of Organizational Thinking, The Decision-Thinking Function of the Human Mind, Individual Decision-Making and the Mind's Four-Stage Thinking Process, The Neglect of the Mind's Thinking Process, The Mind of the Organization and the Decision-Thinking Process, A Systems Approach to the Problems of Organized Complexity and the Responsibilies of an Organization's Mind, Major Barriers to the Effective Functioning of the Organization's Mind, Dismantling the Barriers: A Question of Management Attitude, Operational Procedures for Improving the Effectiveness of the Organization's Mind, Conclusion, Appendices, Ackwoledgements. | |
| 520 | _aPreface, Introduction: A View from Japan, The Increasing Importance of Organizational Thinking, The Decision-Thinking Function of the Human Mind, Individual Decision-Making and the Mind's Four-Stage Thinking Process, The Neglect of the Mind's Thinking Process, The Mind of the Organization and the Decision-Thinking Process, A Systems Approach to the Problems of Organized Complexity and the Responsibilies of an Organization's Mind, Major Barriers to the Effective Functioning of the Organization's Mind, Dismantling the Barriers: A Question of Management Attitude, Operational Procedures for Improving the Effectiveness of the Organization's Mind, Conclusion, Appendices, Ackwoledgements. | ||
| 700 | 1 |
_aHeirs Ben _94243 |
|
| 700 | 1 |
_aPehrson Gordon _94244 |
|
| 942 | _cBK | ||
| 999 |
_c3343 _d3343 |
||